01449nam a2200349 a 4500001001200000003000800012006001900020007001500039008004100054020001800095020002500113020002500138040002100163035002100184043001200205050002600217082001900243100002000262245020300282260003200485300004500517500002000562533015200582588009600734650002700830655002900857700002800886700002500914710001700939856012600956999001701082ebr10731788CaPaEBRm o u cr cn|||||||||150303s2013 si a s 001 0 eng d z9781118613184 z9781118613191 (ePDF) z9781118613214 (ePub) aCaPaEBRcCaPaEBR a(OCoLC)857076713 aa-io---14aKNW3344b.S855 2013eb04a343.5980772231 aSullivan, Bill.10aMining law & regulatory practice in Indonesiah[electronic resource] :ba primary reference source /cBill Sullivan and Christian Teo Purwono & Partners ; in association with Stephenson Harwood LLP. aSingapore :bWiley,cc2013. a1 online resource (xvii, 494 p.) :bill. aIncludes index. aElectronic reproduction.bPalo Alto, Calif. :cebrary,d2015.nAvailable via World Wide Web.nAccess may be limited to ebrary affiliated libraries. aDescription based on online resource; title from title page (ebrary, viewed July 23, 2013). 0aMining lawzIndonesia. 7aElectronic books.2local1 aPurwono, Christian Teo.1 aHarwood, Stephenson.2 aebrary, Inc.40uhttp://site.ebrary.com/lib/rucke/Doc?id=10731788zAn electronic book accessible through the World Wide Web; click to view c36259d36259